00581nam a2200157 i 4500001000700000003000900007005001700016007000300033008004100036100002500077245007000102260005600172300002600228500010600254852006300360138633ES-MaACL20230906195613.0t|070214s1925 sp r ||||1| spa d1 aSantander, Federico.10aPor la verdad y por el Rey / cFederico Santander Ruiz-Giménez. aMadrid : b[s. n.], c1925 (fIndustrial Gráfica) a38 p. ; c19 x 14 cm. aEdición invendible, ejemplar nº 844 "Señores socios del Ateneo de Madrid" en cubierta posterior. aES-MaACLj1680-F-2 z.- Ejemplar numerado nº 844 bR.4883